Central Library OPAC University of Rajshahi

سيرة الصديق يعني حضرت ابو بكر صديق رضي كي سونخ عمري sirat alsidiyq yaeni hadart abw bakr sidiyq radi ky sunikh eumri / (Record no. 81194)

MARC details
000 -LEADER
fixed length control field 00847naa a2200205 a 4500
001 - CONTROL NUMBER
control field 81194
003 - CONTROL NUMBER IDENTIFIER
rucl marc code BD-RjUL
005 - DATE AND TIME OF LATEST TRANSACTION
control field 20230208123411.0
008 - FIXED-LENGTH DATA ELEMENTS--GENERAL INFORMATION
fixed length control field 230208s1914 pk ||||| |||| 00| 0 urd d
035 ## - SYSTEM CONTROL NUMBER
System control number (BD-RjUL)81194
040 ## - CATALOGING SOURCE
Original cataloging agency BD-RjUL
Language of cataloging eng
Transcribing agency BD-RjUL
041 ## - LANGUAGE CODE
Language code of text/sound track or separate title urd
082 ## - DEWEY DECIMAL CLASSIFICATION NUMBER
Edition number 23
Classification number 953.02092
Author mark and year ALS 1914
100 ## - MAIN ENTRY--PERSONAL NAME
Personal name علي پوري, فقير محمد بشير صديقي Ali Puri, Faqir Muhammad Bashir Siddiqui
9 (RLIN) 6905
245 10 - TITLE STATEMENT
Title سيرة الصديق يعني حضرت ابو بكر صديق رضي كي سونخ عمري sirat alsidiyq yaeni hadart abw bakr sidiyq radi ky sunikh eumri /
Statement of responsibility, etc. Faqir Muhammad Bashir Siddiqui Ali Puri فقير محمد بشير صديقي علي پوري
300 ## - PHYSICAL DESCRIPTION
Pagination 50 p. ;
Size 23 cm
600 ## - SUBJECT ADDED ENTRY--PERSONAL NAME
Personal name حضرت ابو بكر صديق رض
650 ## - SUBJECT ADDED ENTRY--TOPICAL TERM
Topical term or geographic name as entry element Calif
Form subdivision Islam
9 (RLIN) 6907
942 ## - ADDED ENTRY ELEMENTS (KOHA)
Source of classification or shelving scheme Dewey Decimal Classification
Koha item type Books
Holdings
Lost status Source of classification or shelving scheme Damaged status Not for loan Collection code Permanent Location Current Location Shelving location Date acquired Total Checkouts Full call number Date last seen Copy number Koha item type
  Dewey Decimal Classification   Not For Loan Non-fiction Central Library, University of Rajshahi Central Library, University of Rajshahi Reading Room 08/02/2023   U 953.02092 ALS 1914 08/02/2023 C-1 Books